<?xml version="1.0" encoding="UTF-8"?>
<marc:record xmlns:marc="http://www.loc.gov/MARC21/slim">
   <marc:leader>00000nam a2200000 a 4500</marc:leader>
   <marc:datafield ind1="1" ind2=" " tag="100">
      <marc:subfield code="a">Ludl, Herbert</marc:subfield>
      <marc:subfield code="4">edt</marc:subfield>
      <marc:subfield code="e">Bearbeiter/-in</marc:subfield>
   </marc:datafield>
   <marc:datafield ind1=" " ind2=" " tag="653">
      <marc:subfield code="a">Wohnform</marc:subfield>
   </marc:datafield>
   <marc:datafield ind1=" " ind2=" " tag="653">
      <marc:subfield code="a">Kulturkontakt</marc:subfield>
   </marc:datafield>
   <marc:datafield ind1=" " ind2=" " tag="653">
      <marc:subfield code="a">Soziale Integration</marc:subfield>
   </marc:datafield>
   <marc:datafield ind1=" " ind2=" " tag="653">
      <marc:subfield code="a">Aufsatzsammlung</marc:subfield>
   </marc:datafield>
   <marc:datafield ind1="0" ind2="0" tag="245">
      <marc:subfield code="a">Das Wohnmodell inter-ethnische Nachbarschaft</marc:subfield>
   </marc:datafield>
   <marc:datafield ind1="0" ind2="0" tag="245">
      <marc:subfield code="c">Herbert Ludl (Hrsg.)</marc:subfield>
   </marc:datafield>
   <marc:datafield ind1=" " ind2="1" tag="264">
      <marc:subfield code="a">Wien</marc:subfield>
      <marc:subfield code="b">Springer</marc:subfield>
      <marc:subfield code="c">2003</marc:subfield>
   </marc:datafield>
   <marc:datafield ind1="1" ind2=" " tag="520">
      <marc:subfield code="a">300 Menschen aus 18 Ländern unter einem Dach - kaum ein anderer Ort vereinbart so viele Lebensstile unterschiedlicher Herkunft wie das Wiener "Wohnmodell inter-ethnische Nachbarschaft", genannt auch "der globale Hof". Zwei Jahre nach Bezug wurde dieses experimentelle Wohnbauvorhaben der SOZIALBAU AG einer empirisch-analytischen Evaluierung durch den deutschen Architekten und Sozialwissenschafter Joachim Brech unterzogen. Das eruierte Datenmaterial bildet den Kern einer aktualisierten Auseinandersetzung mit dem gesellschaftspolitisch brisanten Themenkomplex Stadtplanung, Migration und Integration. TOC:Ein lernendes System als Strategie des Wohnungsunternehmens; Integration durch Stadt- und Wohnbauplanung; der Umgang mit Fremden in Wien; Evaluierung "das Leben im globalen Hof"; über die Angst vor den "Ausländern"; Integrationswohnbau in Europa; aktuelle Literatur.</marc:subfield>
   </marc:datafield>
   <marc:datafield ind1=" " ind2=" " tag="020">
      <marc:subfield code="a">9783211201749</marc:subfield>
      <marc:subfield code="9">9783211201749</marc:subfield>
   </marc:datafield>
   <marc:datafield ind1=" " ind2=" " tag="020">
      <marc:subfield code="a">3211201742</marc:subfield>
      <marc:subfield code="9">3211201742</marc:subfield>
   </marc:datafield>
   <marc:datafield ind1=" " ind2=" " tag="041">
      <marc:subfield code="a">ger</marc:subfield>
   </marc:datafield>
   <marc:datafield ind1=" " ind2=" " tag="300">
      <marc:subfield code="a">191 S.</marc:subfield>
   </marc:datafield>
</marc:record>
